Languages of Australia on a Map - Statistics

General Stats
  • This quiz has been taken 297 times
  • The average score is 2 of 81
Answers on the Map
Answers color-coded by a green-red scale on the quiz's map according to % correct below.
 
Answer Stats
Group Flag Speakers Answer % Correct
Germanic 380,000,000 English
100%
English-Tahitian Creole 2,000 Norfuk
19%
Malay Creole 5,100 Cocos Malay
12%
Pama–Nyungan 7,400 Western Desert Language
11%
Tiwi 2,103 Tiwi
8%
English Creole 20,000 Torres Strait Creole
8%
Pama–Nyungan 2,624 Warlpiri
7%
Pama–Nyungan 1,470 Wiradjuri
5%
Pama–Nyungan 4,100 Arrernte
4%
Pama–Nyungan 1,065 Gamilaraay
4%
English Creole 7,500 Australian Kriol
3%
Arnhem 1,500 Anindilyakwa
2%
Arnhem 1,229 Burarra
2%
Pama–Nyungan 21 Dyirbal
2%
Jarrakan 168 Miriwoong
2%
Southern Daly 2,081 Murrinh-Patha
2%
Pama–Nyungan 424 Warumungu
2%
Pama–Nyungan 670 Yugambeh-Bundjalung
2%
Nyulnyulan 380 Bardi
1%
Bunuban 150 Bunuba
1%
Pama–Nyungan 4,200 Dhuwal
1%
Pama–Nyungan 217 Djaru
1%
Pama–Nyungan 620 Gurindji
1%
Iwaidjan 154 Iwaidja
1%
Pama–Nyungan 888 Kalaw Lagaw Ya
1%
Pama-Nyungan 109 Kaytetye
1%
Pama–Nyungan 174 Kuuk Thaayorre
1%
Tangkic 65 Lardil
1%
Iwaidjan 360 Maung
1%
Trans-Fly 217 Meriam
1%
Arnhem 283 Nunggubuyu
1%
Pama–Nyungan 240 Nyangumarta
1%
Pama–Nyungan 140 Panyjima
1%
Pama–Nyungan 20 Wajarri
1%
Pama–Nyungan 952 Wik Mungkan
1%
Pama–Nyungan 47 Yanyuwa
1%
Pama–Nyungan 52 Yidiny
1%
Pama–Nyungan 380 Yinjibarndi
1%
Pama–Nyungan 262 Adynyamathanha
0%
Pama–Nyungan 31 Arabana
0%
Pama–Nyungan 20 Badimaya
0%
Arnhem 2,257 Bininj Kunwok
0%
Pama–Nyungan 310 Dhangu-Djangu
0%
Pama–Nyungan 34 Diyari
0%
Pama–Nyungan 81 Djabugay
0%
Pama–Nyungan 120 Djinang
0%
Pama–Nyungan 53 Djinba
0%
Pama–Nyungan 41 Garadjari
0%
Jarrakan 266 Gija
0%
Pama–Nyungan 310 Gumbaynggirr
0%
Bunuban 210 Guniyandi
0%
Mixed Kriol-Gurundji 25 Gurindji Kriol
0%
Arnhem 40 Gurr-Goni
0%
Pama–Nyungan 388 Guugu Yalandji
0%
Pama–Nyungan 810 Guugu Yimithirr
0%
Mirndi 29 Jaminjung
0%
Arnhem 15 Jawoyn
0%
Mirndi 23 Jingulu
0%
Pama–Nyungan 18 Koko-Bera
0%
Pama–Nyungan 30 Kugu Nganhcara
0%
Darwin 14 Laragiya
0%
Mixed Kriol-Warlpiri 350 Light Warlpiri
0%
Pama–Nyungan 68 Mangarla
0%
Western Daly 35 Marranj
0%
Western Daly 15 Marrithiyel
0%
Pama–Nyungan 92 Mudburra
0%
Southern Daly 200 Ngan'gi
0%
Worrorran 59 Ngarinyin
0%
Pama–Nyungan 11 Ngarluma
0%
Pama–Nyungan 50 Ngiyampaa
0%
Pama–Nyungan 34 Nyamal
0%
Nyulnyulan 61 Nyigina
0%
Pama–Nyungan 110 Paakantyi
0%
Arnhem 51 Rembarrnhga
0%
Pama–Nyungan 12 Umpila
0%
Wagiman 11 Wagiman
0%
Pama–Nyungan 291 Walmajarri
0%
Mirndi 43 Wambaya
0%
Yangamic 50 Wardaman
0%
Pama–Nyungan 30 Warlmanpa
0%
Nyulnyulan 152 Yawuru
0%
No matching quizzes found
Score Distribution
Percent of People with Each Score
Percentile by Number Answered
Your Score History
You have not taken this quiz